Rasgos tradicionales y modernos del discurso en "Manglar"

Gardado en:
Detalles Bibliográficos
Autor Principal: Araya Solano de Durán, Seidy
Formato: Libro
Idioma:Undetermined
Publicado: San José, Costa Rica Escuela de Filología, Lingüística y Literatura, Universidad de Costa Rica 1976
Materias:
Etiquetas: Engadir etiqueta
Sen Etiquetas, Sexa o primeiro en etiquetar este rexistro!

MARC

LEADER 00000nam a2200000Ia 4500
008 170316s9999 xx 000 0 und d
040 |a cru BVZT 
090 |a Tesis 86 
100 |a Araya Solano de Durán, Seidy 
245 |a Rasgos tradicionales y modernos del discurso en "Manglar" 
260 |a San José, Costa Rica 
260 |b Escuela de Filología, Lingüística y Literatura, Universidad de Costa Rica 
260 |c 1976 
300 |a 49 páginas 
650 |a LICENCIATURA EN FILOLOGÍA ESPAÑOLA 
650 |a TRABAJO FINAL DE GRADUACIÓN 
999 |c 14524  |d 14524 
942 |c TFG  |h Tesis 86  |2 z